000 00957nam a2200241 a 4500
001 84318
003 BD-RjUL
005 20241118150455.0
008 241118s2019 bg a|||| m||| 00| 0 eng d
035 _a(BD-RjUL)84318
040 _aBD-RjUL
_beng
_cBD-RjUL
_dBD-RjUL
041 _aeng
082 _223
_a579.34
_bHOS 2019
100 _aHossain, Md. Showkat
_914310
245 1 0 _aSURVEILLANCE OF POULTRY FARMS AND MANAGEMENT OF ENTEROBACTERIA ASSOCIATED DISEASES THROUGH ETHNOVETERINARY MEDICINE /
_cMd. Showkat Hossain
_6Supervisor : Most. Ferdousi Begum
260 _aRajshahi :
_bDepartment of Botany, University of Rajshahi,
_c2019
300 _axiii, [1], 170 leaves :
_bill.;
_c29 cm.
504 _aThesis (Ph.D.) -- Department of Botany, University of Rajshahi,2019
505 _aReferences : Leaves 158-172
650 _aEnterobacteriaceae
_vPoultry Farms
_xDiseases
_914311
700 _aBegum, Most. Ferdousi, Supervisor
_99042
942 _2ddc
_cTHE
999 _c84318
_d84318